GETS Theological Seminary Library

The foundation of Christian ethics (Record no. 2648)

MARC details
000 -LEADER
fixed length control field 00472nam a2200169Ia 4500
008 - FIXED-LENGTH DATA ELEMENTS--GENERAL INFORMATION
fixed length control field 200812s9999 xx 000 0 und d
020 ## - INTERNATIONAL STANDARD BOOK NUMBER
International Standard Book Number 0567291804
020 ## - INTERNATIONAL STANDARD BOOK NUMBER
International Standard Book Number 9780567291806
041 ## - LANGUAGE CODE
Language code of text/sound track or separate title eng
050 ## - LIBRARY OF CONGRESS CALL NUMBER
Classification number BJ1201
Item number .K4 1990
100 ## - MAIN ENTRY--PERSONAL NAME
Personal name Keeling, Michael
245 ## - TITLE STATEMENT
Title The foundation of Christian ethics
Remainder of title /
Statement of responsibility, etc. Michael Keeling
260 ## - PUBLICATION, DISTRIBUTION, ETC.
Place of publication, distribution, etc. Edinburgh :
Name of publisher, distributor, etc. T & T Clark, 
Date of publication, distribution, etc. 1990
300 ## - PHYSICAL DESCRIPTION
Extent ix, 269 p. :
Other physical details ill. ;
Dimensions 22 cm.
650 ## - SUBJECT ADDED ENTRY--TOPICAL TERM
Topical term or geographic name entry element Christian ethics.
Holdings
Withdrawn status Lost status Damaged status Not for loan Home library Current library Shelving location Date acquired Total Checkouts Full call number Barcode Date last seen Price effective from Koha item type
        GETS Theological Seminary Library GETS Theological Seminary Library General Stacks 08/12/2020   BJ1201 .K4 1990 00001525 08/12/2020 08/12/2020 English Books
OpacCredits

Contact the Librarian, GETS Library
Email: library@mygets.org









Implemented by GETS Library
(Powered by ETCA Professional Group)
GETS Theological Seminary
412 E. Rowland Street, CA 91723